000 00706nam a2200253Ia 4500
003 OSt
005 20221002050635.0
006 a|||||r|||| 00| 0
007 ta
008 220930b |||||||| |||| 00| 0 eng d
024 _a17115
037 _cReference Collections
040 _aCRL
_cCRL
_beng
041 _2eng
_aeng
082 _az2, M9(RR)
100 _aAggarwal S. P.
_925035
245 0 _aInformation India 1989-90
_b Global view
260 _aNew Delhi
_bConcept India
_c1990
300 _aix, 530p
_ccm.
650 _aGENERALIA
700 _a Aggarwal J. C.
942 _hz2, M9(RR)
_cref
_2CC
999 _c915104
_d915104